[Event "70th UKR-ch"]
[Site "Pokrov UKR"]
[Date "2001.09.16"]
[Round "9"]
[White "Neverov, Valeriy"]
[WhiteElo "2564"]
[Black "Brodsky, Mikhail"]
[BlackElo "2528"]
[Result "0-1"]
[EventDate "2001.09.08"]
[PlyCount "92"]

1. d4 Nf6 2. c4 e6 3. Nf3 b6 4. e3 Bb7 5. Bd3 d5 6. cxd5 exd5 7. O-O Bd6 8. b3 O-O 9. Ba3 c5 10. Nc3 Nbd7 11. Rc1 Re8 12. Qe2 Ne4 13. Ba6 Qc8 14. Bxb7 Qxb7 15. Bb2 Ndf6 16. Rfd1 Rac8 17. dxc5 Bxc5 18. Nxe4 Nxe4 19. Rd3 Qa6 20. Rcd1 Bb4 21. h4 f6 22. Nd4 Nc5 23. Nf5 Nxd3 24. Qg4 Rc7 25. Bxf6 Ne5 26. Nh6+ Kh8 27. Bxe5 Rxe5 28. Qxb4 Re8 29. Qf4 Rce7 30. Nf5 Rf7 31. Rxd5 Qxa2 32. Qe5 Ref8 33. e4 Qxb3 34. h5 h6 35. Rd6 Rxf5 36. exf5 Qb1+ 37. Kh2 Qxf5 38. Rxh6+ Kg8 39. Qe6+ Qxe6 40. Rxe6 Ra8 41. Kg3 b5 42. Ra6 b4 43. Kf3 b3 44. Ra1 a5 45. Ke3 a4 46. Kd3 b2 0-1

[Event "70th UKR-ch"]
[Site "Pokrov UKR"]
[Date "2001.09.16"]
[Round "9"]
[White "Vysochin, Spartak"]
[WhiteElo "2542"]
[Black "Korobov, Anton"]
[BlackElo "2470"]
[Result "1-0"]
[EventDate "2001.09.08"]
[PlyCount "65"]

1. e4 c5 2. c3 d6 3. d4 Nf6 4. Bd3 e5 5. dxe5 dxe5 6. Nf3 Nc6 7. Bg5 Be7 8. Bxf6 Bxf6 9. O-O O-O 10. a4 Bg4 11. Na3 Qe7 12. Nc2 Rad8 13. Qe2 Qe6 14. Rfd1 Qb3 15. Ne3 Bxf3 16. Qxf3 Bg5 17. Nc4 Rxd3 18. Qxd3 Rd8 19. Qe2 Rxd1+ 20. Rxd1 Qxa4 21. Rd5 Qb5 22. Qd3 h6 23. b4 Qa4 24. h4 Bxh4 25. g3 Bf6 26. Rxc5 a6 27. Rd5 b5 28. Ne3 Qb3 29. Ng4 Nd4 30. Kg2 Nc2 31. Nxf6+ gxf6 32. Rd8+ Kg7 33. Qd1 1-0